| 000 | 00401 a2200097 4500 | ||
|---|---|---|---|
| 020 | _a9789349855533 | ||
| 100 | _aSatchidanandan | ||
| 245 | _aThudakkangal: Satchidanandante sampoorna krithikal- Volume 1 (തുടക്കങ്ങൾ: സച്ചിജാനന്ദൻെറ സമ്പൂർണ്ണ കൃതികൾ- വോള്യം -1) | ||
| 260 |
_bMathrubhumi books _c2026 |
||
| 942 | _cOO | ||
| 999 |
_c115918 _d115917 |
||